Представление документа в формате RUSMARC

ПолеНазваниеЗначение
  Тип записи a
  Библиографический уровень a
001 Контрольный номер RU/IS/BASE/310034903
005 Дата корректировки 20251011164220.7
100 Данные общей обработки __
a Данные общей обработки 20091028d2009 ||| 0rusy0189 ca
101 Язык документа 0_
a Язык текста rus
102 Страна публикации __
a Страна публикации RU
105 Кодированные данные (монография) __
a Кодированные данные (монография) y###||||000|y
200 Заглавие и сведения об ответственности 1_
a Заглавие Телевизор вместо обоев
b Общее обозначение материала Текст
f Первые сведения об ответственности А. Пивоваров
e Сведения, относящиеся к заглавию [новинки телеиндустрии : цифровые и объемные телевизоры]
461 Уровень набора _0
1 2001
a Юный техник
463 Уровень физической единицы _0
1 2001
a № 8
v С. 32-35
1 210
d 2009
606 Тематические рубрики 0_
a Основная рубрика Телевизоры
610 Ключевые слова 0_
a Ключевые слова телевидение
610 Ключевые слова 0_
a Ключевые слова телевизоры
610 Ключевые слова 0_
a Ключевые слова телевизоры цифровые
610 Ключевые слова 0_
a Ключевые слова цифровое телевидение
686 Индексы других классификаций __
a Классификационный индекс 32.94
2 Код системы rubbk
700 Автор _1
a Фамилия Пивоваров
b Имя (инициалы) Алексей
801 Источник записи _0
a Страна RU
b Организация Ульяновская ОБДЮ
c Дата составления 20091028
g Правила каталогизации RCR
801 Источник записи _1
a Страна RU
b Организация Ульяновская ОБДЮ
c Дата составления 20091028
g Правила каталогизации RCR
901 Тип документа __
t Тип документа b
910 Корректоры записи __
a Корректор записи Неверова Н.В.
919 __
a Неверова Н.В.
938 Служебная информация __
a Имя БД BibStat
b Имя библиотеки ОБДЮ